Statistics for Former Flags of North America Countries/Territories

Click here to take the quiz!

General Stats

  • This quiz has been taken 31 times
  • The average score is 8 of 13

Answer Stats

Answer% Correct
United States of America (Betsy Ross)
93%
Republic of Texas
87%
First Mexican Empire
73%
Haiti
73%
El Salvador
67%
Grenada
60%
Republic of Vermont (Green Mountain Boys)
60%
Saint Christopher-Nevis-Anguilla
60%
Saint Vincent and the Grenadines
60%
Confederate States of America
53%
Guatemala
53%
Federal Republic of Central America
40%
Republic of Yucatán
40%

Score Distribution

Percentile by Number Answered

Percent of People with Each Score

Your Score History

You have not taken this quiz